Estadísticas para Países con mayor y menor IDH por continente

Haz click aquí para intentar la prueba.

Estadísticas generales

  • Esta prueba ha sido intentada 90 veces
  • La puntuación promedio es 30 de 50

Estadísticas de respuestas

IDHPaís% Correcto
0,929Canadá
97%
0,926Estados Unidos
97%
0,845Argentina
89%
0,851Chile
89%
0,510Haití
89%
0,817Uruguay
87%
0,660Nicaragua
84%
0,957Noruega
84%
0.673El Salvador
81%
0.663Guatemala
80%
0,634Honduras
79%
0,919Japón
76%
0,748Argelia
71%
0,947Alemania
70%
0,916Corea del Sur
69%
0,938Singapur
69%
0,394Níger
66%
0,955Suiza
66%
0,944Australia
64%
0,740Túnez
64%
0,750Moldavia
63%
0,779Ucrania
63%
0,796Seychelles
60%
0,949Islandia
59%
0,804Mauricio
59%
0,931Nueva Zelanda
59%
0,511Afganistán
57%
0,911Taiwán
56%
0,398Chad
53%
0,557Pakistán
53%
0,433Sudán del Sur
53%
0,743Fiyi
50%
0,955Irlanda
49%
0,567Siria
49%
0,397República Centroafricana
46%
0,567Islas Salomon
43%
0,555Papúa Nueva Guinea
43%
0,725Tonga
43%
0,609Vanuatu
43%
0,433Burundi
41%
0,620Estados Federados de Micronesia
41%
0,826Palaos
41%
0,470Yemen
41%
0,630Kiribati
40%
0,735Botsuana
39%
0,774Macedonia del Norte
39%
0,780Bosnia y Herzegovina
37%
0,919Israel
33%
0,776Armenia
17%
0,583Myanmar
17%

Distribución de puntuación

Porcentaje por número respondido

Porcentaje de gente con cada puntuación

Historial de tus puntuaciones

No has intentado esta prueba.